MARC

LEADER 00000nam0a2200000 4500
001 295760
005 20231102000836.0
020 |a RU  |b 83-83614 
035 |a (RuTPU)RU\TPU\book\320849 
090 |a 295760 
100 |a 20150526d1983 km y0rusy5003 ca 
101 0 |a rus 
102 |a RU 
105 |a y z 001zy 
200 1 |a Развивающиеся страны: экономический рост и социальный прогресс  |f Академия наук СССР (АН СССР), Институт мировой экономики и международных отношений (ИМЭМО) ; под ред. В. Л. Шейниса, А. Я. Эльянова 
210 |a Москва  |c Наука  |d 1983 
215 |a 655 с. 
300 |a Авт. указаны в содерж. 
320 |a Библиогр.: с. 630-651 
606 1 |a Экономика  |x Развивающиеся страны  |2 stltpush  |3 (RuTPU)RU\TPU\subj\26554  |9 50455 
610 1 |a экономический рост 
610 1 |a социальное развитие 
610 1 |a дифференциация 
610 1 |a структурные сдвиги 
610 1 |a народное хозяйство 
610 1 |a неустойчивость 
610 1 |a научно-техническая революция 
610 1 |a ресурсы 
610 1 |a экологические проблемы 
610 1 |a социально-экономическое развитие 
610 1 |a взаимосвязи 
610 1 |a противоречия 
610 1 |a труд 
610 1 |a производство 
610 1 |a социальная инфраструктура 
610 1 |a общество 
610 1 |a образ жизни 
686 |a У7  |2 rubbk 
702 1 |a Шейнис  |b В. Л.  |g Виктор Леонидович  |4 340 
702 1 |a Эльянов  |b А. Я.  |4 340 
712 0 2 |a Академия наук СССР (АН СССР)  |b Институт мировой экономики и международных отношений (ИМЭМО)  |c (Москва)  |2 stltpush  |3 (RuTPU)RU\TPU\col\11484 
801 0 |a RU  |b RuMRKP  |c 19950704  |g psbo 
801 1 |a RU  |b 63413507  |c 20150526 
801 2 |a RU  |b 63413507  |c 20181026  |g RCR 
942 |c BK